Catálogo

NUTRIENT REQUIREMENTS OF HORSES (Registro nro. 53555)

Detalles MARC
000 -LEADER
fixed length control field 01016nam a2200181 a 4500
001 - CONTROL NUMBER
control field 53555
005 - DATE AND TIME OF LATEST TRANSACTION
control field 20180714043847.0
008 - FIXED-LENGTH DATA ELEMENTS--GENERAL INFORMATION
fixed length control field 140415s2007 xxu 000 0 eng d
020 ## - INTERNATIONAL STANDARD BOOK NUMBER
International Standard Book Number 030910212X
041 ## - LANGUAGE CODE
Language code of text/sound track or separate title eng
082 ## - DEWEY DECIMAL CLASSIFICATION NUMBER
Classification number 636.10852
Item number NUT
245 00 - TITLE STATEMENT
Title NUTRIENT REQUIREMENTS OF HORSES
250 ## - EDITION STATEMENT
Edition statement 6a ed.
260 ## - PUBLICATION, DISTRIBUTION, ETC.
Place of publication, distribution, etc. ESTADOS UNIDOS DE AMERICA :
Name of publisher, distributor, etc. NATIONAL ACADEMIC PRESS,
Date of publication, distribution, etc. 2007
300 ## - PHYSICAL DESCRIPTION
Extent 230
Dimensions 22 x 2.3 x 28.5
520 ## - SUMMARY, ETC.
Summary, etc. THE DOMESTICATED MEMBERS OF THE GENUS EQUUS (HORSES, PONIES, DONKEYS, MULES) ARE USED FOR MANY PURPOSES INCLUDING COMPETITION, RECREATION, ENTERTAINMENT, TRANSPORTATION, FARM AND RANCH WORK, AND EVEN THERAPY. SEVERAL NONDOMESTICATED SPECIES OF EQQUS ARE MANINTAINED IN ZOOLOGICAL PARKS OR ARE THE FOCUS OF CONSERVATION EFFORTS. THE DEMAND FOR INFORMATION RELATING TO THE NUTRITION AND FEEDING MANAGEMENT OF HORSES, PONIES, AND THEIR RELATIVES HAS GROWN WITH THE POPULARITY OF THESE ANIMALS
650 14 - SUBJECT ADDED ENTRY--TOPICAL TERM
Topical term or geographic name entry element CABALLOS
General subdivision NUTRICION
-- CABALLOS
-- ALIMENTACION Y ALIMENTOS
Existencias
Withdrawn status Lost status Source of classification or shelving scheme Damaged status Not for loan Collection code Home library Current library Shelving location Date acquired Source of acquisition Inventory number Total Checkouts Full call number Barcode Date last seen Price effective from Koha item type
    Dewey Decimal Classification     General Biblioteca Karol Wojtyla Biblioteca Karol Wojtyla Sala general 03/12/2013 Compra 151000000000000000011297   636.10852 NUT 2007 79731 05/01/2026 13/01/2015 Reserva permanente